2. Bundesliga Torschützen 2024/2025 - Statistiken

Allgemein
  • Dieses Quiz wurde 241 mal gespielt
  • Das Durchschnittsergebnis liegt bei 8 aus 11
Antwortstatistiken
Tore Verein Spieler % Korrekt
22 Hamburger SV Davie Selke
96%
18 SV Elversberg Fisnik Asllani
79%
13 FC Schalke 04 Kenan Karaman
79%
16 FC Schalke 04 Moussa Sylla
79%
18 1. FC Kaiserslautern Ragnar Ache
79%
14 Hamburger SV Ransford Königsdörffer
74%
19 1. FC Magdeburg Martijn Kaars
66%
14 SV Darmstadt 98 Isac Lidberg
59%
13 Karlsruher SC Marvin Wanitzek
55%
13 Eintracht Braunschweig Rayan Philippe
53%
13 Fortuna Düsseldorf Dawid Kownacki
38%
Keine übereinstimmenden Quizze gefunden
Verteilung der Resultate
Anzahl Personen mit jedem Resultat
Perzentil nach korrekt beantworteten Fragen
Ihre Resultats-Entwicklung
Sie haben dieses Quiz noch nicht gespielt